[Event "GER-ch U14 Girls"]
[Site "Willingen"]
[Date "2016.05.17"]
[Round "5"]
[White "Reitz, Theresa"]
[Black "Truong, Lisa"]
[Result "1-0"]
[WhiteElo "1752"]
[BlackElo "1593"]
[PlyCount "84"]
[EventDate "2016.05.15"]
[EventType "swiss"]
[EventRounds "9"]
[EventCountry "GER"]
[SourceTitle "CBM 172 Extra"]
[Source "ChessBase"]
[SourceDate "2016.06.21"]
[SourceVersion "1"]
[SourceVersionDate "2016.06.21"]
[SourceQuality "1"]

1. e4 d5 2. exd5 Qxd5 3. Nc3 Qd6 4. d4 Nf6 5. Nf3 c6 6. g3 Bg4 7. Bg2 e6 8. 0-0 Qc7 9. h3 Bxf3 10. Qxf3 Bd6 11. Nb5 Qd7 12. c3 0-0 13. Nxd6 Qxd6 14. Bf4 Qd8 15. g4 Nbd7 16. Rad1 Nb6 17. b3 Nfd5 18. Bh2 Qf6 19. Qg3 Rad8 20. f4 Qe7 21. Be4 Nf6 22. Bb1 c5 23. Qh4 g6 24. f5 Nc8 25. Be5 Ne8 26. Qh6 f6 27. fxg6 hxg6 28. Qxg6+ Qg7 29. Qxg7+ Kxg7 30. Bg3 cxd4 31. cxd4 Nb6 32. Rde1 Rxd4 33. Rxe6 Nd7 34. Rfe1 Ne5 35. Bxe5 fxe5 36. R1xe5 Rd1+ 37. Re1 Rxe1+ 38. Rxe1 Nd6 39. Re6 Rf6 40. Re3 a6 41. Kg2 b5 42. Bd3 Kf7 1-0

[Event "GER-ch U14 Girls"]
[Site "Willingen"]
[Date "2016.05.15"]
[Round "2"]
[White "Truong, Lisa"]
[Black "Abele, Anais"]
[Result "1/2-1/2"]
[WhiteElo "1593"]
[BlackElo "1508"]
[PlyCount "99"]
[EventDate "2016.05.15"]
[EventType "swiss"]
[EventRounds "9"]
[EventCountry "GER"]
[SourceTitle "CBM 172 Extra"]
[Source "ChessBase"]
[SourceDate "2016.06.21"]
[SourceVersion "1"]
[SourceVersionDate "2016.06.21"]
[SourceQuality "1"]

1. d4 Nf6 2. c4 e6 3. Nc3 d5 4. Bg5 Nbd7 5. e3 c6 6. Nf3 Qa5 7. Bxf6 Nxf6 8. Nd2 Bb4 9. Qc2 0-0 10. Bd3 Bxc3 11. bxc3 Re8 12. 0-0 h6 13. Nf3 c5 14. Rab1 cxd4 15. cxd4 Qc7 16. c5 Nd7 17. Bb5 a6 18. Bxd7 Bxd7 19. Rb6 Bb5 20. Rb1 Rac8 21. a4 Qxb6 22. axb5 axb5 23. Qb3 Qa6 24. Qxb5 Qxb5 25. Rxb5 Ra8 26. g3 Ra7 27. Nd2 Rea8 28. Nb3 Ra2 29. Rxb7 Rc2 30. Rb6 Kf8 31. c6 Ke7 32. Rb7+ Kd6 33. Rxf7 Kxc6 34. Rxg7 Rb8 35. Nc5 Rb1+ 36. Kg2 Rcc1 37. Nxe6 Rg1+ 38. Kh3 Rb2 39. Rc7+ Kd6 40. Kg4 Kxe6 41. Rc6+ Kd7 42. Rxh6 Rxf2 43. Rh7+ Ke6 44. Rh6+ Rf6 45. Rxf6+ Kxf6 46. h4 Re1 47. Kf3 Kg6 48. Kf4 Rg1 49. g4 Rg2 50. Kf3 1/2-1/2

[Event "GER-ch U12"]
[Site "Willingen"]
[Date "2015.05.27"]
[Round "6"]
[White "Truong, Lisa"]
[Black "Wu, Leon"]
[Result "0-1"]
[WhiteElo "1264"]
[BlackElo "1574"]
[PlyCount "96"]
[EventDate "2015.05.24"]
[EventType "swiss"]
[EventRounds "11"]
[EventCountry "GER"]
[SourceTitle "CBM 166 Extra"]
[Source "ChessBase"]
[SourceDate "2015.06.18"]
[SourceVersion "1"]
[SourceVersionDate "2015.06.18"]
[SourceQuality "1"]

1. d4 Nf6 2. Nf3 e6 3. c4 b6 4. g3 Bb7 5. Bg2 d6 6. 0-0 Be7 7. Nc3 Nbd7 8. Re1 Ne4 9. Nxe4 Bxe4 10. Bf4 Nf6 11. Nd2 Bxg2 12. Kxg2 0-0 13. e4 d5 14. e5 Nd7 15. Qb3 c6 16. Rac1 Nb8 17. Nf3 Qd7 18. Re2 c5 19. Rec2 Nc6 20. cxd5 exd5 21. dxc5 bxc5 22. Rd2 Rfd8 23. Rcd1 d4 24. Qc2 h6 25. Qe4 g5 26. e6 Qxe6 27. Re2 Qxe4 28. Rxe4 gxf4 29. Rxf4 Bg5 30. Nxg5 hxg5 31. Rf5 f6 32. Rxf6 Ne7 33. Re6 Rd7 34. Re5 Rb8 35. Rxg5+ Kf7 36. Rxc5 Rxb2 37. Rc4 d3 38. Rf4+ Ke8 39. Rf3 d2 40. a3 Rc2 41. Kf1 Nd5 42. Ke2 Nc3+ 43. Rxc3 Rxc3 44. Rxd2 Rxd2+ 45. Kxd2 Rxa3 46. h4 Kf7 47. g4 a5 48. f4 Rf3 0-1

[Event "GER-ch U12"]
[Site "Willingen"]
[Date "2015.05.25"]
[Round "3"]
[White "Wu, Luka"]
[Black "Truong, Lisa"]
[Result "1-0"]
[WhiteElo "1580"]
[BlackElo "1264"]
[PlyCount "85"]
[EventDate "2015.05.24"]
[EventType "swiss"]
[EventRounds "11"]
[EventCountry "GER"]
[SourceTitle "CBM 166 Extra"]
[Source "ChessBase"]
[SourceDate "2015.06.18"]
[SourceVersion "1"]
[SourceVersionDate "2015.06.18"]
[SourceQuality "1"]

1. e4 d5 2. exd5 Qxd5 3. Nc3 Qd6 4. d4 Nf6 5. Nf3 c6 6. Ne5 Nbd7 7. Bf4 Nd5 8. Qd2 Nxf4 9. Qxf4 Nxe5 10. dxe5 Qc7 11. Qe3 Bf5 12. 0-0-0 e6 13. Be2 Be7 14. g4 Bg6 15. h4 h6 16. h5 Bh7 17. f4 Qb6 18. Qg3 Rd8 19. g5 hxg5 20. fxg5 Bf5 21. Kb1 Bc5 22. Bg4 Bxg4 23. Qxg4 Bd4 24. Na4 Qb4 25. c3 Bxc3 26. Rxd8+ Kxd8 27. Qd1+ Bd4 28. Rh4 c5 29. a3 Qc4 30. Nxc5 Qxc5 31. Rxd4+ Kc8 32. Rd7 Qxe5 33. Rxf7 Rd8 34. Qc2+ Kb8 35. h6 gxh6 36. gxh6 Rc8 37. Qg2 Qb5 38. Qg3+ Ka8 39. h7 Qc4 40. Qc3 Qe4+ 41. Ka2 Qd5+ 42. Qb3 Qc6 43. Rg7 1-0

[Event "GER-ch U12"]
[Site "Willingen"]
[Date "2015.05.24"]
[Round "2"]
[White "Truong, Lisa"]
[Black "Henning, Marvin"]
[Result "1/2-1/2"]
[WhiteElo "1264"]
[BlackElo "1699"]
[PlyCount "87"]
[EventDate "2015.05.24"]
[EventType "swiss"]
[EventRounds "11"]
[EventCountry "GER"]
[SourceTitle "CBM 166 Extra"]
[Source "ChessBase"]
[SourceDate "2015.06.18"]
[SourceVersion "1"]
[SourceVersionDate "2015.06.18"]
[SourceQuality "1"]

1. e4 c5 2. Nf3 Nc6 3. d4 cxd4 4. Nxd4 g6 5. Nc3 Bg7 6. Be3 d6 7. f3 Qb6 8. Nd5 Qd8 9. Qd2 Bd7 10. g4 Rc8 11. Nc3 Ne5 12. Be2 a6 13. h4 Nc4 14. Bxc4 Rxc4 15. 0-0-0 b5 16. a3 h5 17. g5 Qb8 18. Qd3 Rc8 19. f4 Bg4 20. Rd2 Qb7 21. Re1 e5 22. Nb3 Rd8 23. Nd5 Be6 24. Na5 Qc8 25. Nb4 Ne7 26. Qe2 Bg4 27. Qf2 0-0 28. Nd5 Nxd5 29. Rxd5 Be6 30. Rd3 Bc4 31. Nxc4 bxc4 32. Rd5 exf4 33. Qxf4 Qb7 34. Bd4 Bxd4 35. Rxd4 Rb8 36. Qe3 Qxb2+ 37. Kd2 Rfc8 38. Qc3 Qb6 39. Rxc4 Qf2+ 40. Re2 Qf4+ 41. Re3 Qf2+ 42. Re2 Qf4+ 43. Re3 Qf2+ 44. Re2 1/2-1/2